CAROUSEL - 5 Seconds of Summer (All Lyrics) - Statistics

General Stats
  • This quiz has been taken 118 times
  • The average score is 235 of 278
Answer Stats
CAROUSEL % Correct
Verse 1 | Verse 2 I
98%
a
96%
carousel
96%
it
96%
just
96%
My
96%
my
96%
to
96%
around
94%
from
94%
life's
94%
spinnin'
94%
the
94%
up
94%
down
92%
in
92%
keep
92%
no
92%
now
92%
stoppin'
92%
get
91%
ground
91%
Chorus Lookin'
91%
lookin'
91%
watch
91%
How
89%
me
89%
and
87%
built
87%
for
87%
of
87%
side
87%
there
87%
there?
87%
try
87%
burn
85%
I'd
85%
like
85%
myself
85%
pay
85%
you
85%
again
83%
Always
83%
always
83%
gonna
83%
I'm
83%
don't
81%
head
81%
back
79%
why
77%
doubt
75%
feel
75%
know
75%
mind
75%
above
74%
Drivin'
74%
goin'
74%
ocean
74%
out
74%
it's
72%
on
72%
party
72%
gotta
70%
right
70%
wake
70%
ain't
68%
city
68%
this
68%
Tryna
68%
circus
66%
dreamer
66%
fadin'
66%
Something
66%
with
66%
brightest
64%
edge
64%
Every
64%
find
64%
Oh
64%
passenger's
64%
tried
64%
feeling
62%
lights
62%
ring
62%
way
62%
never
60%
tiger
60%
time
60%
ends
58%
one
58%
ride
58%
till
58%
jump
55%
gettin'
53%
Everybody's
49%
higher
49%
livin'
49%
No matching quizzes found
Score Distribution
Percent of People with Each Score
Percentile by Number Answered
Your Score History
You have not taken this quiz